000 00757nam a2200193Ia 4500
003 IN-BaIIA
008 211028s9999 xx 000 0 eng d
040 _cIIA Library
080 _a529.2(082.1)
_bTIM
111 _aInternational Symposium on Time and Frequency
_cNational Physical Laboratory
_d1981 Feb. 10-12
_912043
245 0 _aTime and Frequency
_bJournal of the institution of electonics and telecommunication engineers; vol. 27, no. 10, October 1981
_cedited by Ranjit Singh
260 _aNew Delhi
_bNational Physical Laboratory
_c1981
300 _a[various pagings.]
650 _aFrequency
_912044
650 _aNASA Thesaurus
650 _aTime
_92741
700 _aSingh, Ranjit., ed.
_912045
942 _cBK
999 _c7040
_d7040